000 00348nam a2200121Ia 4500
008 220216s9999 xx 000 0 und d
100 _aWong C N
245 0 _aPreliminary assessment of rubberwood (Hevea brasiliensis) for plywood manufacture
260 _bMalaysian Forester
_c1979
300 _a30-37
500 _aAGRIS CD 1975-1980
942 _cBO
999 _c47681
_d47681